| 000 | 00731nam a22002057a 4500 | ||
|---|---|---|---|
| 005 | 20100721112237.0 | ||
| 010 | _aENG-96437 | ||
| 020 |
_a9780415563208 _c895.00 |
||
| 035 | _aEN-79970 | ||
| 037 | _bDBAD/PUB | ||
| 082 | _a330 | ||
| 100 |
_aSinha, Ajit _93857 |
||
| 245 |
_aTheories of value from Adam Smith to Piero Sraffa / _cby Ajit Sinha |
||
| 260 |
_aNew Delhi _bRoutledge _c2010 |
||
| 270 |
_a912-915 Tolstoy House, 15-17 Tolstoy Marg _bNew Delhi _e110001 |
||
| 300 |
_axii,364p. _c24cm (Hb) |
||
| 500 | _aIncludes bibliographical references and index | ||
| 942 |
_2ddc _cEN _h330 _mSIN |
||
| 999 |
_c37132 _d37132 |
||